[Event "Niedersachsen-ch op A"]
[Site "Verden"]
[Date "2019.01.05"]
[Round "6"]
[White "Freudenthal, Tim"]
[Black "Reimer, Philip"]
[Result "1-0"]
[WhiteElo "1973"]
[BlackElo "1830"]
[PlyCount "45"]
[EventDate "2019.01.03"]
[EventType "swiss"]
[EventRounds "7"]
[EventCountry "GER"]
[SourceTitle "EXT 2022"]
[Source "ChessBase"]
[SourceDate "2021.10.06"]
[SourceVersion "1"]
[SourceVersionDate "2021.10.06"]
[SourceQuality "1"]

1. e4 c5 2. Nc3 Nc6 3. f4 g6 4. Nf3 Bg7 5. Bb5 Nd4 6. 0-0 a6 7. Bd3 e6 8. e5 b5 9. Ne4 Ne7 10. Nd6+ Kf8 11. Ng5 Qb6 12. Ngxf7 c4 13. Be4 Rb8 14. Kh1 Nef5 15. Nxc8 Rxc8 16. Nxh8 Bxh8 17. c3 Nc6 18. g4 Nfe7 19. d4 Nd5 20. f5 Ke7 21. Bg5+ Ke8 22. fxg6 hxg6 23. Bxg6# 1-0

[Event "Niedersachsen-ch op-B"]
[Site "Verden"]
[Date "2017.01.07"]
[Round "6"]
[White "Freudenthal, Tim"]
[Black "Ngo, Minh Duc"]
[Result "1-0"]
[WhiteElo "1960"]
[BlackElo "2032"]
[PlyCount "91"]
[EventDate "2017.01.05"]
[EventType "swiss"]
[EventRounds "7"]
[EventCountry "GER"]
[SourceTitle "CBM 187 Extra"]
[Source "ChessBase"]
[SourceDate "2018.11.04"]
[SourceVersion "1"]
[SourceVersionDate "2018.11.04"]
[SourceQuality "1"]

1. e4 c5 2. Nc3 Nc6 3. f4 g6 4. Nf3 Bg7 5. Bb5 e6 6. Bxc6 bxc6 7. e5 d5 8. exd6 Qxd6 9. d3 Nf6 10. 0-0 0-0 11. Qe1 c4 12. dxc4 Ba6 13. b3 Nd5 14. Ne4 Qc7 15. Ne5 f6 16. cxd5 cxd5 17. Nxf6+ Bxf6 18. Rf3 Bxe5 19. Qxe5 Qxe5 20. fxe5 Rxf3 21. gxf3 Rc8 22. Bh6 Rxc2 23. Rc1 Rxc1+ 24. Bxc1 Kg7 25. Kf2 h6 26. Be3 g5 27. Bxa7 Kg6 28. Ke3 Kf5 29. Bd4 h5 30. a4 Bf1 31. b4 Bc4 32. b5 h4 33. Bc3 h3 34. Kd4 Kf4 35. Bd2+ Kxf3 36. Bxg5 Kg2 37. Bf4 Kf3 38. Bg3 Ke2 39. Kc5 Ke3 40. a5 Be2 41. a6 d4 42. Be1 d3 43. b6 d2 44. Bxd2+ Kxd2 45. b7 Bxa6 46. b8Q 1-0

[Event "Niedersachsen-ch op-B"]
[Site "Verden"]
[Date "2017.01.07"]
[Round "5"]
[White "Warns, Heiko"]
[Black "Freudenthal, Tim"]
[Result "0-1"]
[WhiteElo "2144"]
[BlackElo "1960"]
[PlyCount "76"]
[EventDate "2017.01.05"]
[EventType "swiss"]
[EventRounds "7"]
[EventCountry "GER"]
[SourceTitle "CBM 187 Extra"]
[Source "ChessBase"]
[SourceDate "2018.11.04"]
[SourceVersion "1"]
[SourceVersionDate "2018.11.04"]
[SourceQuality "1"]

1. e4 d5 2. exd5 Nf6 3. d4 Bg4 4. f3 Bf5 5. c4 e6 6. dxe6 Nc6 7. Be3 Qe7 8. exf7+ Kxf7 9. Kf2 Re8 10. Qd2 Qd7 11. Nc3 Rxe3 12. Qxe3 Nxd4 13. Rd1 Bc5 14. Nge2 Re8 15. Rxd4 Rxe3 16. Rxd7+ Bxd7 17. Ke1 Be6 18. b3 Bf5 19. Na4 Bb4+ 20. Kf2 Re5 21. g4 Bd7 22. Nac3 Bc5+ 23. Kg3 Re3 24. h3 Bd6+ 25. Kf2 Bc5 26. Kg3 g5 27. Bg2 Bd6+ 28. Kf2 Bc5 29. Ke1 Bc6 30. h4 gxh4 31. g5 Nh5 32. Rxh4 Kg6 33. Kd2 Bxf3 34. Bxf3 Rxf3 35. Re4 Bb4 36. Rd4 Ng3 37. Kc2 Bxc3 38. Nxc3 Rxc3+ 0-1

[Event "Niedersachsen-ch op-B"]
[Site "Verden"]
[Date "2017.01.06"]
[Round "4"]
[White "Webner, Dennis"]
[Black "Freudenthal, Tim"]
[Result "0-1"]
[WhiteElo "2067"]
[BlackElo "1960"]
[PlyCount "94"]
[EventDate "2017.01.05"]
[EventType "swiss"]
[EventRounds "7"]
[EventCountry "GER"]
[SourceTitle "CBM 187 Extra"]
[Source "ChessBase"]
[SourceDate "2018.11.04"]
[SourceVersion "1"]
[SourceVersionDate "2018.11.04"]
[SourceQuality "1"]

1. d4 f5 2. Bg5 g6 3. Nc3 Bg7 4. e4 d6 5. Bc4 fxe4 6. f3 Nc6 7. fxe4 Nxd4 8. Nf3 Be6 9. Bxe6 Nxe6 10. Qd5 Qc8 11. 0-0-0 c6 12. Qc4 b5 13. Qe2 a5 14. e5 d5 15. Rhf1 a4 16. Be3 b4 17. Nxd5 cxd5 18. Ng5 Nxg5 19. Bxg5 Bh6 20. Bxh6 Nxh6 21. e6 Qc4 22. Qe5 0-0-0 23. Rf4 Qc7 24. Qd4 b3 25. axb3 axb3 26. Rf2 Rhf8 27. Rfd2 Rf4 28. Qd3 Ra4 29. Re2 Qa5 30. cxb3 Ra1+ 31. Kc2 Rxd1 32. Kxd1 Qa1+ 33. Kc2 Rd6 34. Qc3+ Kb7 35. Qb4+ Kc7 36. Kd3 Qd1+ 37. Rd2 Qf1+ 38. Re2 Qd1+ 39. Rd2 Qf1+ 40. Re2 Qf5+ 41. Kd2 d4 42. Ke1 d3 43. Rf2 Qxe6+ 44. Kd2 Ng4 45. Qc5+ Kb7 46. Rf8 Qe2+ 47. Kc1 Qe1# 0-1